Biblioteca

El misterio de Cristo : (Registro nro. 71157)

Detalles MARC
000 -LÍDER
Campo fijo de descripción fija 01789nam a2200397 i 4500
001 - NÚMERO DE CONTROL
Campo de control 768714001
003 - IDENTIFICADOR DEL NÚMERO DE CONTROL
Campo de control CO-MdFUSB
005 - FECHA Y HORA DE LA ULTIMA TRANSACCIÓN
control field 20260406102621.0
007 - CAMPO FIJO DE DESCRIPCIÓN FIJA--INFORMACIÓN GENERAL
Campo fijo de descripción fija ta
008 - ELEMENTOS DE LONGITUD FIJA -- INFORMACIÓN GENERAL
Campo fijo de descripción fija -- Información general 241104t2020 ec ||||| b||| 001 0 spa d
020 ## - NÚMERO INTERNACIONAL NORMALIZADO PARA LIBROS
Número Internacional Normalizado del libro 978-9942-8821-3-4
040 ## - FUENTE DE CATALOGACIÓN
Idioma de catalogación spa.
Agencia de catalogación original CO-MdFUSB
Agencia que realiza la transcripción CO-MdFUSB
Agencia que realiza la modificación CO-MdFUSBC
Convenciones de la descripción rda
041 ## - CÓDIGO DE IDIOMA
Código de idioma para texto/pista de sonido o título separado spa
Código de idioma original eng
082 ## - NÚMERO DE CLASIFICACIÓN DECIMAL DEWEY
Número de la edición del Dewey 23
Número de clasificación 230
Clave de autor-Numero de item R413
100 ## - ASIENTO PRINCIPAL--NOMBRE PERSONAL
Nombre personal Renihan, Samuel D.,
Término relacionador autor
240 ## - TITULO UNIFORME
Título uniforme <a href="The mystery of Christ, his covenant & his kingdom.">The mystery of Christ, his covenant & his kingdom.</a>
245 13 - TÍTULO
Título del Material El misterio de Cristo :
Parte restante del título - Subtitulo su pacto y su reino
Mención de responsabilidad, etc. / Samuel D. Renihan ; traducido por Ailet Torres Hernández
264 #1 - PRODUCCIÓN, PUBLICACIÓN, DISTRIBUCIÓN, MANUFACTURA, Y COPYRIGHT
Lugar de producción, publicación, distribución, manufactura Santo Domingo, Ecuador :
Nombre del productor, publicador, distribuidor Legado Bautista Confesional,
Fecha de producción, publicación, distribución, manufactura, o copyright [2020]
264 #4 - PRODUCCIÓN, PUBLICACIÓN, DISTRIBUCIÓN, MANUFACTURA, Y COPYRIGHT
Fecha de producción, publicación, distribución, manufactura, o copyright ©2020
300 ## - DESCRIPCIÓN FÍSICA
Extensión 295 páginas
Dimensiones ; 21 cm
336 ## - TIPO DE CONTENIDO
Fuente rdacontent
Término de tipo de contenido texto
Código de tipo de contenido txt
337 ## - TIPO DE MEDIO
Fuente rdamedia
Nombre del tipo de medio sin mediación
Código del tipo de medio n
338 ## - TIPO DE SOPORTE
Fuente rdacarrier
Nombre del tipo de soporte volumen
Código Tipo de soporte nc
500 ## - NOTA GENERAL
Nota General Incluye índice, bibliografía
505 ## - NOTA DE CONTENIDO
Nota de contenido con formato preestablecido Metodología y hermenéutica. -- La teología bíblica y la teología sistemática en la teologia pactual. -- La tipología. -- Pacto y reino. -- El reino de la creación. -- El pacto de obras. -- El pacto noémico. -- El reino de Israel. -- El pacto abrahámico. -- El pacto mosaico. -- El pacto davídico. -- El Mesías del Antiguo Pacto. -- El reino de Cristo. -- El ministerio del Cristo. -- El pacto de redención. -- El Nuevo Pacto de gracia. -- El misterio de Cristo. -- La naturaleza escatológica del reino.
563 ## - NOTA DE ENCUADERNACIÓN
Nota de encuadernación Rústico
650 #7 - ASIENTO SECUNDARIO DE MATERIA - TERMINO TEMÁTICO
Término temático o nombre geográfico como elemento de entrada Teología doctrinal
9 (RLIN) 179
650 #7 - ASIENTO SECUNDARIO DE MATERIA - TERMINO TEMÁTICO
Término temático o nombre geográfico como elemento de entrada Cristianismo
9 (RLIN) 22
653 ## - TÉRMINO DE INDIZACIÓN - NO CONTROLADO
Término no controlado Cristo — Doctrina
653 ## - TÉRMINO DE INDIZACIÓN - NO CONTROLADO
Término no controlado Teología del pacto
653 ## - TÉRMINO DE INDIZACIÓN - NO CONTROLADO
Término no controlado Reino de Dios
653 ## - TÉRMINO DE INDIZACIÓN - NO CONTROLADO
Término no controlado Teología reformada
700 ## - ASIENTO SECUNDARIO - NOMBRE PERSONAL
Nombre personal Torres Hernández, Ailet,
9 (RLIN) 8632
Responsabilidad traductor
942 ## - TIPO DE MATERIAL (KOHA)
Tipo de Item KOHA Libros General
945 ## - INFORMACIÓN LOCAL DEL REGISTRO
Catalogador Catherine Arias Alvarez
Existencias
Estado de Material Estado de Perdido Forma de Clasificación Volumen-Parte/Tomo Estado de Dañado No para Préstamo Colección Tomo Biblioteca de Origen Biblioteca Permanente Fecha de Adquisición Total de Préstamos Signatura Topográfica Código de Barras Última vez visto Ejemplar/Existencia Fecha de Remplazo Tipo de Material
    Dewey Decimal Classification       Colección General   Biblioteca FUSBC Biblioteca FUSBC 31/10/2024   G 230 R413m 25242 04/11/2024 Ej. 1 04/11/2024 Libros General

Biblioteca FUSBC | Teléfono: (57+4) 349 88 10 Ext. 141| WhatsApp (+57) 3005338115 
E-mail: biblioteca@unisbc.edu.co | Calle 76 87-14 Robledo Palenque, Medellín, Colombia

Con tecnología Koha